000
00335nam a2200133Ia 4500
003
OSt
005
20240306100047.0
008
170523s9999 xx 000 0 und d
020
_a
978-9395161213
040
_c
IIMTU
100
_a
Aneja- K.R
245
0
_a
Experiments in Microbiology Plant Pathology and Biotechnology
942
_2
ddc
_c
02
999
_c
11052
_d
11052